La democracia en treinta lecciones

Պահպանված է:
Մատենագիտական մանրամասներ
Հիմնական հեղինակ: Sartori, Giovanni (Հեղինակ)
Ձևաչափ: Գիրք
Լեզու:իսպաներեն
Հրապարակվել է: Madrid Santillana 2009
Խորագրեր:
Ցուցիչներ: Ավելացրեք ցուցիչ
Չկան պիտակներ, Եղեք առաջինը, ով նշում է այս գրառումը!

MARC

LEADER 00000cam a2200000 a 4500
001 UCG8189
003 CL-VaPUC
008 111124e20090000SP |||||||||||||||||spa|d
020 |a 9788430606870 
082 0 4 |a 321.8  |b SAR  |2 21 
100 0 |a Sartori, Giovanni  |e author  |9 559108 
245 1 3 |a La democracia en treinta lecciones 
300 |a 150 p 
942 |c BK 
945 |d 20111124 00:00:00  |a dcastane 
260 |a Madrid  |b Santillana  |c 2009 
650 0 |a Democracia  |9 255256 
650 7 |a FILOSOFIA POLITICA  |2 CL-VaPUC  |9 559109 
650 7 |a TEORIA POLITICA  |2 CL-VaPUC  |9 559110 
583 |a last modification  |c 20111124 10:35:00  |k Rodrigo Vera 
999 |c 345818  |d 345816 
952 |0 0  |1 0  |4 0  |6 321_800000000000000_SAR_2009  |7 0  |8 A  |9 446100  |a BIBHIS  |b BIBHIS  |d 2019-11-22  |i 4806107  |o 321.8 SAR 2009  |p 4806107  |r 2025-01-20  |w 2019-11-22  |y BK  |k HIS